000 00476nam a2200193Ia 4500
005 20250425161441.0
008 250425s9999 xx 000 0 und d
020 _a841201196
041 _aeng
082 _a668.65
100 _aGOULD, ROBERT F
245 0 _aPESTICIDES IDENTIFICATION AT THE RESIDUE LEVEL
250 _aS.E.
260 _aEstados Unidos
_bAMERICAN CHEMICAL SOCIETY
_c1971
260 _aWASHINGTON
300 _a182
942 _c01
010 _a20621
999 _c209521
_d209521